| Tag |
First Indicator |
Second Indicator |
Subfields |
| LEADER |
00000cam a2200000 a 4500 |
| 001 |
in00002452145 |
| 008 |
080820s2009 caua b 000 0deng |
| 005 |
20250826190049.4 |
| 010 |
|
|
|a 2008036997
|
| 015 |
|
|
|a GBA944976
|2 bnb
|
| 016 |
7 |
|
|a 015175357
|2 Uk
|
| 019 |
|
|
|a 978213727
|a 1022706418
|
| 020 |
|
|
|a 9780872864979
|q (pbk.)
|
| 020 |
|
|
|a 0872864979
|q (pbk.)
|
| 029 |
1 |
|
|a AU@
|b 000043342718
|
| 029 |
1 |
|
|a AU@
|b 000045566629
|
| 029 |
1 |
|
|a BWX
|b R0788941
|
| 029 |
1 |
|
|a CDX
|b 8716631
|
| 029 |
1 |
|
|a NZ1
|b 12916050
|
| 029 |
1 |
|
|a QBX
|b a 08036997
|
| 029 |
1 |
|
|a UKMGB
|b 015175357
|
| 035 |
|
|
|a (OCoLC)ocn244293332
|
| 035 |
|
|
|a (OCoLC)244293332
|z (OCoLC)978213727
|z (OCoLC)1022706418
|
| 040 |
|
|
|a DLC
|b eng
|c DLC
|d BTCTA
|d YDXCP
|d UKM
|d C#P
|d BWX
|d CDX
|d VP@
|d QBX
|d FMF
|d BDX
|d HDC
|d OCLCF
|d OCLCQ
|d OCLCO
|d ION
|d MBB
|d IPL
|d INT
|d OCLCQ
|d UKMGB
|d OCLCL
|d OCLCQ
|d IG#
|d OCLCL
|d TXA
|
| 043 |
|
|
|a n-us---
|
| 050 |
0 |
0 |
|a HQ76.8.U5
|b S63 2009
|
| 082 |
0 |
0 |
|a 306.76/60973
|2 22
|1 https://id.oclc.org/worldcat/ddc/E37jPtDHHdTDQD7Hk8c8Bv3HK4
|
| 245 |
0 |
0 |
|a Smash the church, smash the state! :
|b the early years of gay liberation /
|c edited by Tommi Avicolli Mecca.
|
| 264 |
|
1 |
|a San Francisco, California :
|b City Lights Books,
|c [2009]
|
| 300 |
|
|
|a xvi, 303 pages :
|b illustrations ;
|c 23 cm
|
| 336 |
|
|
|a text
|b txt
|2 rdacontent
|
| 337 |
|
|
|a unmediated
|b n
|2 rdamedia
|
| 338 |
|
|
|a volume
|b nc
|2 rdacarrier
|
| 504 |
|
|
|a Includes bibliographical references.
|
| 520 |
|
|
|a Forty years after Stonewall, a look at the origins and influences of the Gay Liberation movement.
|
| 505 |
0 |
0 |
|t Out of the Bars and Into the Streets --
|t Militant Foreshadowings /
|r Susan Stryker
|g 3 --
|t Eighth Grade Epiphany /
|r Kenneth Laverne Bunch
|g 11 --
|t Kiyoshi Kuromiya: Intergrating the Issues /
|r Liz Highleyman
|g 17 --
|t A Consciousness Raised /
|r Hal Tarr
|g 22 --
|t Coming Out and into the GLF: Banned No More in Boston /
|r John Kyper
|g 31 --
|t My Adventures as a Gay Teacher /
|r Tom Ammiano
|g 40 --
|t Pre-Now /
|r James C. Roberts
|g 43 --
|t My Memories as a Gay Militant in NYC /
|r Nestor Latronico
|g 48 --
|t From the Closets of New Haven to the Collectives of New York GLF /
|r Jason Serinus
|g 55 --
|t Even Iowa Homos Got the Blues /
|r Dennis Brumm
|g 62 --
|t There's a Certain Kind of Woman /
|r Mara Math
|g 68 --
|t A Poem /
|r Fran Winant
|g 74 --
|t Tuning In --
|t No Girl in My Soup /
|r Thom Nickels
|g 79 --
|t Coming Out as a Reluctant Activist in a Gay Maoist Cell who Mostly Just Wanted to Get Laid /
|r Mark Freeman
|g 85 --
|t Our Passion Shook the World /
|r Martha Shelley
|g 93 --
|t Sylvester: A Singer Without a Closet
|g 97 --
|t Living Lesbian Nation /
|r Victoria Brownworth
|g 99 --
|t Radical Spirit and Vision /
|r John Lauritsen
|g 108 --
|t Radicalqueens Manifesto #1
|g 113 --
|t Radicalqueens Manifesto #2
|g 114 --
|t The Radicalqueens Trans-Formation /
|r Cei Bell
|g 116 --
|t A Woman of Vision /
|r Pat Parker
|g 125 --
|t Sisters and Brothers: A Writer Hungering for Family Finds GLF /
|r Perry Brass
|g 127 --
|t Dyketactics!: Electrifying the Imaginations of the Gay and Women's Communities /
|r Barbara Ruth
|g 137 --
|t A Life of Seeing Connections /
|r Simeon White
|g 147 --
|t Fopping It Up: Former Cockette Rumi's Story Interview with /
|r Rumi Missabu
|g 150 --
|t Gay Raiders /
|r Mark Segal
|g 156 --
|t Revolution Around Every Corner --
|t Between Bohemia and Revolution /
|r Flavia Rando
|g 163 --
|t Gay Liberation Front: Report from London /
|r Richard Bolingbroke
|g 168 --
|t Sylvia Rivera: A Woman Before Her Time /
|r Liz Highleyman
|g 172 --
|t Two Songs /
|r Blackberri
|g 177 --
|t Honey, We Unshrunk the Shrinks! /
|r Pam Mitchell
|g 182 --
|t The Radicalesbian Story: An Evolution of Consciousness /
|r Ellen Shumsky
|g 190 --
|t The Woman Identified Woman Manifesto
|g 197 --
|t Berkeley & the Fight for an Effeminist, Socially Transformative Gay Identity /
|r Nick Benton
|g 203 --
|t Two Poems /
|r Dajenya
|g 210 --
|t The Effeminist Moment /
|r Steven F. Dansky
|g 213 --
|t Dyketactics!: Notes Toward an Un-Silencing /
|r Paola Bacchetta
|g 218 --
|t Two Poems /
|r Barbara Ruth
|g 232 --
|t The Baltic Street Collective /
|r N.A. Diaman
|g 234 --
|t Gay Pagans and Atheists Manifesto
|g 242 --
|t 40 Years After Stonewall --
|t Looking Back from the Mexico-U.S. Border /
|r Roberto Camp
|g 249 --
|t A Letter from Huey Newton to the Revolutionary Brothers and Sisters about the Women's Liberation and Gay Liberation Movements
|g 252 --
|t Making History /
|r Sidney Brinkley
|g 255 --
|t New York City Legend /
|r Marsha P. Johnson
|g 261 --
|t Lessons from the ENDA Mess /
|r Doug Ireland
|g 263 --
|t Happy to Be Childless /
|r Allen Young
|g 269 --
|t The Gay Community in Crisis /
|r Don Kilhefner
|g 273 --
|t Stonewall Was a Riot -- Now We Need a Revolution /
|r Merle Woo
|g 282 --
|t Gay Liberation Media
|g 295.
|
| 500 |
|
|
|a The Cushing Library/Women & Gender Studies copy was acquired as part of The Don Kelly Research Collection of Gay Literature and Culture.
|5 TxCM
|
| 650 |
|
0 |
|a Gay liberation movement
|z United States
|x History.
|
| 650 |
|
7 |
|a Gay liberation movement.
|2 fast
|0 (OCoLC)fst00939104
|
| 651 |
|
7 |
|a United States.
|2 fast
|0 (OCoLC)fst01204155
|1 https://id.oclc.org/worldcat/entity/E39PBJtxgQXMWqmjMjjwXRHgrq
|
| 655 |
|
7 |
|a History.
|2 fast
|0 (OCoLC)fst01411628
|
| 700 |
1 |
|
|a Mecca, Tommi Avicolli,
|e editor.
|1 https://id.oclc.org/worldcat/entity/E39PCjyQfXxbdDKgJCyp96ftjy
|
| 758 |
|
|
|i has work:
|a Smash the church, smash the state! (Text)
|1 https://id.oclc.org/worldcat/entity/E39PCH3cDVQTtMPcHctyGWvxH3
|4 https://id.oclc.org/worldcat/ontology/hasWork
|
| 776 |
0 |
8 |
|i Online version:
|t Smash the church, smash the state!
|d San Francisco, Calif. : City Lights Books, ©2009
|w (OCoLC)1491088527
|
| 938 |
|
|
|a Ingram Library Services
|b INGR
|n in016371859
|
| 938 |
|
|
|a Brodart
|b BROD
|n 09768270
|c $18.95
|
| 938 |
|
|
|a Baker and Taylor
|b BTCP
|n BK0007961572
|
| 938 |
|
|
|a Coutts Information Services
|b COUT
|n 8716631
|
| 938 |
|
|
|a Quality Books, Inc.
|b QUAL
|n a 08036997
|
| 938 |
|
|
|a YBP Library Services
|b YANK
|n 3009628
|
| 938 |
|
|
|a Blackwell Book Service
|b BBUS
|n R0788941
|c $18.95
|
| 948 |
|
|
|h HELD BY TXA - 244 OTHER HOLDINGS
|
| 994 |
|
|
|a Z0
|b TXA
|
| 999 |
f |
f |
|s dee65818-167e-3e47-91f3-88216ff6e48d
|i 9053f688-c7d4-3a32-942c-a23d6ae00406
|t 0
|
| 952 |
f |
f |
|p normal
|a Texas A&M University
|b College Station
|c Sterling C. Evans Library
|s Evans stk
|d Evans: Library Stacks
|t 0
|e HQ76.8.U5 S63 2009
|h Library of Congress classification
|i unmediated -- volume
|m A14839913546
|
| 998 |
f |
f |
|a HQ76.8.U5 S63 2009
|t 0
|l Evans: Library Stacks
|